• 首页
  • 本馆介绍
  • 公告通知
  • 最新文献
  • 馆藏检索
  • 电子资源
  • 读者导购
  • 参考咨询
  • 我的图书馆
  • 登录
  • 详细信息显示
  • 放入我的书架
  • 预约/预借图书
  • 作者相关作品
  • 分类相关作品
  • 丛书相关作品
  • 出版社相关作品

书目信息

  • 表格格式
  • 工作单格式
  • 卡片格式
题名:
铁路岗位过冬防寒培训教材
    
 
作者: 尹祥军 主编
分册:   货运分册
出版信息: 北京   中国铁道出版社  2013
页数: 242页
开本: 21cm
丛书名:
单 册:
中图分类: U2 , U294 , U29
科图分类:
主题词: 铁路运输--管理工程--防寒--岗位培训--教材--铁路运输--管理工程--货物运输--防寒--岗位培训--教材
电子资源:
ISBN: 978-7-113-17496-5
000 00966nam0 2200253 450
001 2369013357
005 20231220131005.76
010    @a978-7-113-17496-5@dCNY 22.00
100    @a20131227d2013 em y0chiy0120 ea
101 0  @achi
102    @aCN@b110000
105    @aa z 000yy
200 1  @a铁路岗位过冬防寒培训教材@Atie lu gang wei guo dong fang han pei xun jiao cai@i货运分册@b专著@f尹祥军主编
210    @a北京@c中国铁道出版社@d2013
215    @a242页@c图@d21cm
300    @a沈阳铁路局教材编审委员会组织
330    @a本书分为综合知识、专业知识、规章制度、货运事故案例四章,具体内容涉及冬运作业季节特点、冬运作业安全要求、冬运工作管理职责、冬运安全防护标准、货场设备、货运车辆等。
606 0  @a铁路运输@x管理工程@x防寒@x岗位培训@j教材@a铁路运输@x管理工程@x货物运输@x防寒@x岗位培训@j教材
690    @aU2@v5
690    @aU294@v5
690    @aU29@v4
701  0 @a尹祥军@Ayin xiang jun@4主编
801  2 @aCN@b辽宁北配@c20231205
905    @aBZT@dU29@e18:2
    
    铁路岗位过冬防寒培训教材.货运分册/尹祥军主编.-北京:中国铁道出版社,2013
    242页:图;21cm
    沈阳铁路局教材编审委员会组织
    
    ISBN 978-7-113-17496-5:CNY 22.00
    本书分为综合知识、专业知识、规章制度、货运事故案例四章,具体内容涉及冬运作业季节特点、冬运作业安全要求、冬运工作管理职责、冬运安全防护标准、货场设备、货运车辆等。
●
相关链接 在五车中查询图书 在当当中查询图书 在豆瓣中查询图书


正题名:铁路岗位过冬防寒培训教材     索取号:U29/18:2         预约/预借

序号 登录号 条形码 馆藏地/架位号 状态 备注
1 2001560849   2001560849   辽三/辽宁北配(第三批)/1370/ [索取号:U29/18:2] 在馆    
2 2001560850   2001560850   辽三/辽宁北配(第三批)/1370/ [索取号:U29/18:2] 在馆    
3 2001560851   2001560851   辽三/辽宁北配(第三批)/1370/ [索取号:U29/18:2] 在馆    
4 2001560852   2001560852   辽三/辽宁北配(第三批)/1370/ [索取号:U29/18:2] 在馆    
5 2001560853   2001560853   辽三/辽宁北配(第三批)/1370/ [索取号:U29/18:2] 在馆    
6 2001560854   2001560854   辽三/辽宁北配(第三批)/1370/ [索取号:U29/18:2] 在馆    
7 2001560855   2001560855   辽三/辽宁北配(第三批)/1370/ [索取号:U29/18:2] 在馆    
8 2001560856   2001560856   辽三/辽宁北配(第三批)/1370/ [索取号:U29/18:2] 在馆    
9 2001560857   2001560857   辽三/辽宁北配(第三批)/1370/ [索取号:U29/18:2] 在馆    
10 2001560858   2001560858   辽三/辽宁北配(第三批)/1370/ [索取号:U29/18:2] 在馆    
11 2001560859   2001560859   辽三/辽宁北配(第三批)/1370/ [索取号:U29/18:2] 在馆    
12 2001560860   2001560860   辽三/辽宁北配(第三批)/1370/ [索取号:U29/18:2] 在馆    
13 2001560861   2001560861   辽三/辽宁北配(第三批)/1370/ [索取号:U29/18:2] 在馆    
14 2001560862   2001560862   辽三/辽宁北配(第三批)/1370/ [索取号:U29/18:2] 在馆    
15 2001560863   2001560863   辽三/辽宁北配(第三批)/1370/ [索取号:U29/18:2] 在馆    
16 2001560864   2001560864   辽三/辽宁北配(第三批)/1370/ [索取号:U29/18:2] 在馆    
17 2001560865   2001560865   辽三/辽宁北配(第三批)/1370/ [索取号:U29/18:2] 在馆    
18 2001560866   2001560866   辽三/辽宁北配(第三批)/1370/ [索取号:U29/18:2] 在馆    
19 2001560867   2001560867   辽三/辽宁北配(第三批)/1370/ [索取号:U29/18:2] 在馆    
20 2001560868   2001560868   辽三/辽宁北配(第三批)/1370/ [索取号:U29/18:2] 在馆    
21 2001560869   2001560869   辽三/辽宁北配(第三批)/1370/ [索取号:U29/18:2] 在馆    
22 2001560870   2001560870   辽三/辽宁北配(第三批)/1370/ [索取号:U29/18:2] 在馆    
23 2001560871   2001560871   辽三/辽宁北配(第三批)/1370/ [索取号:U29/18:2] 在馆    
24 2001560872   2001560872   辽三/辽宁北配(第三批)/1370/ [索取号:U29/18:2] 在馆    
25 2001560873   2001560873   辽三/辽宁北配(第三批)/1370/ [索取号:U29/18:2] 在馆    
26 2001560874   2001560874   辽三/辽宁北配(第三批)/1370/ [索取号:U29/18:2] 在馆    
27 2001560875   2001560875   辽三/辽宁北配(第三批)/1370/ [索取号:U29/18:2] 在馆    
28 2001560876   2001560876   辽三/辽宁北配(第三批)/1370/ [索取号:U29/18:2] 在馆    
29 2001560877   2001560877   辽三/辽宁北配(第三批)/1370/ [索取号:U29/18:2] 在馆    
30 2001560878   2001560878   辽三/辽宁北配(第三批)/1370/ [索取号:U29/18:2] 在馆    
山东省滨州职业学院图书馆 欢迎您!
大连网信软件有限公司© 版权所有